AH International Schools' Libraries

Why Not? (Record no. 49142)

MARC details
000 -LEADER
fixed length control field 00361nam a22001217a 4500
008 - FIXED-LENGTH DATA ELEMENTS--GENERAL INFORMATION
fixed length control field 250806b |||||||| |||| 00| 0 eng d
020 ## - INTERNATIONAL STANDARD BOOK NUMBER
International Standard Book Number 9781957891194
100 ## - MAIN ENTRY--PERSONAL NAME
Personal name Kobi Yamada (Author), Mae Besom (Illustrator)
9 (RLIN) 86448
245 ## - TITLE STATEMENT
Title Why Not?
260 ## - PUBLICATION, DISTRIBUTION, ETC. (IMPRINT)
Place of publication, distribution, etc Washington
Name of publisher, distributor, etc Compendium
Date of publication, distribution, etc 2024
300 ## - PHYSICAL DESCRIPTION
Extent 48 pages
Other physical details col. ill.
Dimensions 8.75 x 0.39 x 12.25 inches
942 ## - ADDED ENTRY ELEMENTS (KOHA)
Source of classification or shelving scheme
Holdings
Withdrawn status Lost status Source of classification or shelving scheme Damaged status Not for loan Collection code Home library Current library Date acquired Total Checkouts Full call number Barcode Date last seen Price effective from Koha item type
          Siem Riep Asian Hope Siem Reap Asian Hope Siem Reap 08/06/2025   EFIC KOB 209068 04/09/2026 08/06/2025 Book

For any Logos Library related questions please contact Miss Art at swongnarasuk@asianhope.org.

For any Asian Hope Library related questions please contact Miss Raza at graza@asianhope.org.

Click here to explore our ebooks!

Powered by Koha